000 00553nam a2200217Ia 4500
005 20251121151105.0
008 230125s9999 xx 000 0 und d
020 _a9789386105530
041 _aeng
082 _a158.1
_bSUN
100 _aSunley J
_9215289
245 _aIt's Never Ok to Kiss The Interviewer
250 _aEd.1st
260 _c2017
_bViva Books
_aNew Delhi
300 _a176p
500 _aPersonality Development
650 _aPersonality Development
_9213420
700 _aSunley J
_9215289
906 _b108.5
942 _cBK
999 _c94294
_d94294